| 000 | 00378nam a2200157Ia 4500 | ||
|---|---|---|---|
| 008 | 230312s9999||||xx |||||||||||||| ||und|| | ||
| 020 | _a0-07-463736-4 | ||
| 082 |
_a621.381 _bMIL-M |
||
| 100 | _aMillman;Jacob | ||
| 245 | 0 | _aMicroelectronics | |
| 260 |
_bMcGraw Hill _aIndia _c2011 |
||
| 300 | _a1001 | ||
| 546 | _aEng. | ||
| 650 |
_aEngineering _vMicroelectronics |
||
| 942 | _cBK | ||
| 999 |
_c7721 _d7721 |
||